00988nas a2200229Ia 4500001001100000003000900011008004100020040001300061040001300074041001300087100004100100210001600141222001600157245008700173250001100260260004600271501008600317300001900403362004700422500025300469650003600722R061/B8445IT-RoPAU151124c99999999xx |||||||||||| ||und|| aIT-RoPAU cIT-RoPAU aFRANCESE aAlbou JeangCodice Aut. SPICS: 47550 aCINEMACTION aCinemaction aCINEMACTION, N.059 (1991) - LES DESSOUS DU CINEMA PORNObUne Esthetique Du Minable a1a ed. aCONDE' SUR NOIREAU (FRANCE)bCORLETc1991 bPaulus - SPICS - Società San Paolo EM (non-commercial uses only)cCopyright2015 a8 p. [155-162] aN.059 (1991) - LES DESSOUS DU CINEMA PORNO aUna Estetica del Miserabile, del Brutto. L'Impero dei Sensi di Nagisa Oshima Ci D' Un'Idea di Cio' che Puo' Essere un Vero Film Pornografico. Pornografia è una Creazione del Bisogno e Non del Desiderio. Siamo Tutti Pornografi Patentati nel Sogno. aCINEMAvPUBBLICAZIONE PERIODICA